Judicial services examinations : (Record no. 104688)

MARC details
000 -LEADER
fixed length control field 00659nam a22002057a 4500
005 - DATE AND TIME OF LATEST TRANSACTION
control field 20161121170403.0
010 ## - LCCN (DPL NO)
LC control number ENG-116575
020 ## - INTERNATIONAL STANDARD BOOK NUMBER
International Standard Book Number 9789350358559
Terms of availability 1195.00
035 ## - SYSTEM CONTROL NUMBER
System control number EN-100107
037 ## - SOURCE OF ACQUISITION
Source of stock number/acquisition DBAD/PUB
082 ## - DEWEY DECIMAL CLASSIFICATION NUMBER
Classification number 000
245 ## - TITLE STATEMENT
Title Judicial services examinations :
Remainder of title the complete preparation manual /
250 ## - EDITION STATEMENT
Edition statement 3rd ed.
260 ## - PUBLICATION, DISTRIBUTION, ETC. (IMPRINT)
Place of publication, distribution, etc Gurgaon
Name of publisher, distributor, etc Lexis Nexis
Date of publication, distribution, etc 2016
270 ## - ADDRESS
Address 14th floor, Building no 10, tower-B, DLF Cyber City, Phase-II,
City Gurgaon (Haryana 0
Postal code 122002
300 ## - PHYSICAL DESCRIPTION
Extent Various Pagings :
Dimensions 28cm(pbk)
Other physical details ill
490 ## - SERIES STATEMENT
Series statement CATAPULT test prep series
500 ## - GENERAL NOTE
General note Includes index
942 ## - ADDED ENTRY ELEMENTS (KOHA)
Source of classification or shelving scheme Dewey Decimal Classification
Item type English Books
Classification part 000
Call number suffix JUD

No items available.


© Delhi Public Library
Hit Counter
free hit counter